|
|
|
|
| LEADER |
00000naa2a2200000 4500 |
| 001 |
180167 |
| 005 |
20231031170649.0 |
| 035 |
|
|
|a (RuTPU)RU\TPU\book\195315
|
| 090 |
|
|
|a 180167
|
| 100 |
|
|
|a 20100511d2007 k y0rusy50 ca
|
| 101 |
0 |
|
|a rus
|
| 102 |
|
|
|a RU
|
| 200 |
1 |
|
|a О характере влияния некоторых видов дефектов стенки на прочностные свойства стальных резервуаров
|f А. Р. Аслямов
|g науч. рук. Л. А. Саруев
|
| 320 |
|
|
|a Библиогр.: 4 назв.
|
| 463 |
|
0 |
|0 (RuTPU)RU\TPU\book\140171
|y 5-89503-079-3
|t Проблемы геологии и освоения недр
|o [сборник]
|o труды XI международного симпозиума имени академика М. А. Усова студентов и молодых учёных, посвященного 80-летию академика, Президента международного горного конгресса, Лауреата государственной премии СССР М. И. Щадову
|f Томский политехнический университет (ТПУ), Институт геологии и нефтегазового дела
|v С. 493-496
|d 2007
|p 764 с.
|
| 610 |
1 |
|
|a стальные резервуары
|
| 610 |
1 |
|
|a стенки
|
| 610 |
1 |
|
|a дефекты
|
| 610 |
1 |
|
|a прочность
|
| 610 |
1 |
|
|a нефть
|
| 610 |
1 |
|
|a хранение
|
| 610 |
1 |
|
|a труды учёных ТПУ
|
| 700 |
|
1 |
|a Аслямов
|b А. Р.
|
| 702 |
|
1 |
|a Саруев
|b Л. А.
|c горный инженер
|c профессор Томского политехнического университета, доктор технических наук
|f 1940-
|g Лев Алексеевич
|2 stltpush
|4 727
|
| 801 |
|
1 |
|a RU
|b 63413507
|c 20100511
|
| 801 |
|
2 |
|a RU
|b 63413507
|c 20160607
|g RCR
|
| 942 |
|
|
|c BK
|